Construction materials and testing: (Record no. 5530)

MARC details
000 -LEADER
fixed length control field 00617nam a22001937a 4500
003 - CONTROL NUMBER IDENTIFIER
control field OSt
005 - DATE AND TIME OF LATEST TRANSACTION
control field 20251106013918.0
008 - FIXED-LENGTH DATA ELEMENTS--GENERAL INFORMATION
fixed length control field 251106b |||||||| |||| 00| 0 eng d
020 ## - INTERNATIONAL STANDARD BOOK NUMBER
International Standard Book Number 9786214270149
040 ## - CATALOGING SOURCE
Original cataloging agency DWCL-Main lib
Transcribing agency OC
082 ## - DEWEY DECIMAL CLASSIFICATION NUMBER
Classification number Fil. 690 T673c 2018
100 ## - MAIN ENTRY--PERSONAL NAME
Personal name Topacio, Anjerich J.
245 ## - TITLE STATEMENT
Title Construction materials and testing:
Remainder of title laboratory manual/
260 ## - PUBLICATION, DISTRIBUTION, ETC.
Place of publication, distribution, etc. Manila, Philippines :
Name of publisher, distributor, etc. Unlimited services & publishing inc.,
Date of publication, distribution, etc. c2018.
300 ## - PHYSICAL DESCRIPTION
Extent vi, 149 pages :
Other physical details illustrations ;
Dimensions 27cm.
650 ## - SUBJECT ADDED ENTRY--TOPICAL TERM
Topical term or geographic name entry element 1. Building
650 ## - SUBJECT ADDED ENTRY--TOPICAL TERM
Topical term or geographic name entry element 2. Building materials
942 ## - ADDED ENTRY ELEMENTS (KOHA)
Source of classification or shelving scheme Dewey Decimal Classification
Koha item type Book-Filipiniana
Call number prefix Fil.
Suppress in OPAC No
952 ## - LOCATION AND ITEM INFORMATION (KOHA)
--
Holdings
Withdrawn status Lost status Source of classification or shelving scheme Damaged status Not for loan Home library Current library Shelving location Date acquired Source of acquisition Cost, normal purchase price Total Checkouts Full call number Barcode Date last seen Copy number Price effective from Koha item type Uniform Resource Identifier
    Dewey Decimal Classification     College Library College Library Filipiniana 10/09/2021 School Fund 375.00   Fil. 690 T673c 2018 53079 11/06/2025 c1 11/06/2025 BK - FIL